Gaine's New-York pocket almanack, for the year 1781 : ... Calculated for the use of the province of New-York, and the neighbouring provinces. /

Bibliographic Details
Other Authors: Hutchins, John Nathan, 1700 or 1701-1782
Format: eBook
Language:English
Series:Early American imprints. Evans (1639-1800) ; no. 16870.
Subjects:
Online Access:Evans Digital Edition

MARC

Tag First Indicator Second Indicator Subfields
LEADER 00000cam a22000001a 4500
001 in00002145608
006 m e d #
007 cr mn mmmmabba
008 860728s1780 nyu s 000 0 eng d
005 20260331150744.3
035 |z w036286 
035 |a MAAR8607283906B 
035 |9 mwa91-30273 
035 |a 318501 
035 |a aas03036286 
040 |a MWA  |c MWA  |e bdrb  |d UtOrBLW 
245 0 0 |a Gaine's New-York pocket almanack, for the year 1781 :  |b ... Calculated for the use of the province of New-York, and the neighbouring provinces. /  |c By Thomas Moore, philo. 
264 3 |a New York :  |b Printed by H. Gaine, at the Bible and Crown, in Hanover-Square,  |c [1780] 
300 |a 48 unnumbered pages 
336 |a text  |b txt  |2 rdacontent 
337 |a computer  |b c  |2 rdamedia 
338 |a online resource  |b cr  |2 rdacarrier 
500 |a "Signs, planets, and aspects" follows imprint on title page. 
500 |a "Thomas Moore" is a pseudonym. The contents of the calendar pages are selected or adapted from Hutchins improved: being an almanack ... for 1781, by John Nathan Hutchins, also published by Gaine. A tides column is added. 
500 |a "Sold by Hugh Gaine, at the Bible and Crown, Hanover-Square ..."--pages [45-48], includes stationery supplies, miscellaneous items, and books. 
510 4 |a Evans  |c 16870 
510 4 |a Drake, M. Almanacs,  |c 5886 
530 |a Microform version available in the Readex Early American Imprints series. 
533 |a Electronic text and image data.  |b [Chester, Vt. :  |c Readex, a division of Newsbank, Inc.,  |d 2002-2004.  |e Includes files in TIFF, GIF and PDF formats with inclusion of keyword searchable text.  |f (Early American imprints. First series ; no. 16870). 
500 |a Electronic resource. 
655 7 |a Almanacs  |z New York (State)  |y 1781.  |2 rbgenr 
655 7 |a Booksellers' advertisements  |z New York (State)  |z New York.  |2 rbgenr 
655 7 |a Advertisements  |x Stationery.  |2 rbgenr 
700 1 |a Hutchins, John Nathan,  |d 1700 or 1701-1782. 
752 |a United States  |b New York  |d New York. 
830 0 |a Early American imprints.  |n Series I,  |p Evans (1639-1800) ;  |v no. 16870. 
856 4 1 |u http://proxy.library.tamu.edu/login?url=https://opac.newsbank.com/select/evans/16870  |y Evans Digital Edition  |t 0 
999 |a MARS 
999 f f |s b08b4b9e-8007-35e5-b49a-bae5ca38268d  |i 99b4b2d3-be7c-3f75-b3b7-9729e27faede  |t 0 
952 f f |a Texas A&M University  |b College Station  |c Electronic Resources  |s www_evans  |d Available Online  |t 0  |h No information provided 
998 f f |t 0  |l Available Online